[Event "Chigorin Memorial Blitz 30th"]
[Site "St Petersburg"]
[Date "2023.10.20"]
[Round "1"]
[White "Bazeev, German"]
[Black "Ismailov, Magomed Dm"]
[Result "1-0"]
[WhiteElo "2369"]
[BlackElo "1584"]
[PlyCount "73"]
[EventDate "2023.10.20"]
[EventType "swiss (blitz)"]
[EventRounds "11"]
[EventCountry "RUS"]
[SourceTitle "Mega2024 Update 01"]
[Source "Chessbase"]
[SourceDate "2023.11.12"]
[SourceVersion "1"]
[SourceVersionDate "2023.11.12"]
[SourceQuality "1"]

1. c4 Nf6 2. Nc3 e6 3. e4 d5 4. cxd5 exd5 5. e5 d4 6. exf6 dxc3 7. fxg7 cxd2+ 8. Bxd2 Bxg7 9. Bc4 Nc6 10. Ne2 0-0 11. 0-0 Ne5 12. Bb3 Bd7 13. Bc3 Bc6 14. Nd4 Be4 15. Bc2 Bxc2 16. Qxc2 Ng6 17. Nf5 Bxc3 18. Qxc3 f6 19. Rad1 Qe8 20. Rfe1 Qc6 21. Qxc6 bxc6 22. Rd7 Rae8 23. Rxe8 Rxe8 24. g3 Re5 25. Nh6+ Kf8 26. Rxc7 Ne7 27. Ng4 Re6 28. Rxa7 h5 29. Ne3 Rd6 30. a4 Rd2 31. Rb7 Re2 32. a5 Re1+ 33. Kg2 Ra1 34. b4 c5 35. bxc5 Rxa5 36. Rc7 Kf7 37. Nd5 1-0

[Event "St Petersburg Korchnoi Memorial op"]
[Site "St Petersburg"]
[Date "2023.08.23"]
[Round "8"]
[White "Zeliantsova, Kseniya"]
[Black "Ismailov, Magomed Dm"]
[Result "1-0"]
[WhiteElo "2023"]
[BlackElo "1475"]
[PlyCount "103"]
[EventDate "2023.08.18"]
[EventType "swiss"]
[EventRounds "9"]
[EventCountry "RUS"]
[SourceTitle "EXT 2024"]
[Source "ChessBase"]
[SourceDate "2023.10.10"]
[SourceVersion "1"]
[SourceVersionDate "2023.10.10"]
[SourceQuality "1"]

1. e4 c5 2. Nf3 e6 3. d4 cxd4 4. Nxd4 Nc6 5. Nc3 Qc7 6. g3 a6 7. Bg2 Nf6 8. 0-0 Be7 9. Re1 0-0 10. Nxc6 dxc6 11. e5 Rd8 12. Qf3 Nd5 13. h4 h6 14. Qg4 Kf8 15. Qe4 Kg8 16. Bf1 Kh8 17. Bd3 f5 18. exf6 Nxf6 19. Qg6 Rd4 20. Ne4 Rxe4 21. Bxe4 Bd7 22. Bg2 Rf8 23. Be3 e5 24. Qd3 Be6 25. c4 b6 26. Qc3 a5 27. c5 b5 28. Bd2 Ng4 29. f3 b4 30. Qc2 Nf6 31. a3 Nd5 32. axb4 axb4 33. Ra4 b3 34. Qc1 Bf5 35. f4 exf4 36. Bxf4 Qd7 37. Bxd5 cxd5 38. c6 Qe8 39. Kh2 g5 40. Qc3+ Kg8 41. Ra7 Be4 42. Rxe4 dxe4 43. Bd6 Rf2+ 44. Kg1 Qf8 45. Qc4+ Kh8 46. Rxe7 Rg2+ 47. Kxg2 Qf3+ 48. Kg1 Qd1+ 49. Qf1 Qd4+ 50. Kh1 Kg8 51. Qf7+ Kh8 52. Re8# 1-0

[Event "St Petersburg Korchnoi Memorial op"]
[Site "St Petersburg"]
[Date "2023.08.21"]
[Round "5"]
[White "Kuizhev, Adam"]
[Black "Ismailov, Magomed Dm"]
[Result "1/2-1/2"]
[WhiteElo "1855"]
[BlackElo "1475"]
[PlyCount "67"]
[EventDate "2023.08.18"]
[EventType "swiss"]
[EventRounds "9"]
[EventCountry "RUS"]
[SourceTitle "EXT 2024"]
[Source "ChessBase"]
[SourceDate "2023.10.10"]
[SourceVersion "1"]
[SourceVersionDate "2023.10.10"]
[SourceQuality "1"]

1. e4 c5 2. Nf3 e6 3. Nc3 Nc6 4. d4 cxd4 5. Nxd4 Qc7 6. Be3 a6 7. Qf3 Bd6 8. 0-0-0 Be5 9. Qe2 Nge7 10. g3 Nxd4 11. Bxd4 Bxd4 12. Rxd4 Nc6 13. Rd2 0-0 14. f4 d6 15. Bg2 b5 16. Rhd1 Rd8 17. e5 d5 18. Bxd5 exd5 19. Nxd5 Rxd5 20. Rxd5 Be6 21. Rc5 Qb6 22. Qf2 Ne7 23. Rd6 Qb7 24. b3 h5 25. Kb2 g6 26. Qd2 Nf5 27. Rd3 Qb6 28. Qg2 Rf8 29. Qc6 Qa7 30. Qc7 Qa8 31. Qc6 Qa7 32. Qc7 Qa8 33. Qc6 Qa7 34. Qc7 1/2-1/2

[Event "St Petersburg Korchnoi Memorial op"]
[Site "St Petersburg"]
[Date "2023.08.19"]
[Round "2"]
[White "Sharikov, Alexander"]
[Black "Ismailov, Magomed Dm"]
[Result "1-0"]
[WhiteElo "2073"]
[BlackElo "1475"]
[PlyCount "65"]
[EventDate "2023.08.18"]
[EventType "swiss"]
[EventRounds "9"]
[EventCountry "RUS"]
[SourceTitle "EXT 2024"]
[Source "ChessBase"]
[SourceDate "2023.10.10"]
[SourceVersion "1"]
[SourceVersionDate "2023.10.10"]
[SourceQuality "1"]

1. Nf3 Nf6 2. g3 e6 3. Bg2 Be7 4. 0-0 0-0 5. c4 b6 6. Ne5 c6 7. d4 Bb7 8. e4 d6 9. Nd3 d5 10. e5 Nfd7 11. cxd5 cxd5 12. Qg4 Kh8 13. Nf4 Nc6 14. Rd1 Rc8 15. Nc3 Nb4 16. Nh5 Rg8 17. Qf3 Qe8 18. a3 Nc6 19. h4 Na5 20. Bg5 Bf8 21. Bf1 h6 22. Rac1 Nc4 23. Bxc4 Rxc4 24. Nb5 Nxe5 25. dxe5 Qxb5 26. Qxf7 Qc6 27. Nf6 gxf6 28. Bxf6+ Bg7 29. Qg6 Rxh4 30. Rxc6 Bxc6 31. Bxh4 Re8 32. Bf6 Bxf6 33. exf6 1-0

[Event "St Petersburg Korchnoi Memorial op"]
[Site "St Petersburg"]
[Date "2023.08.18"]
[Round "1"]
[White "Ismailov, Magomed Dm"]
[Black "Teymurkhanly, Teymur"]
[Result "1-0"]
[WhiteElo "1475"]
[BlackElo "2012"]
[PlyCount "91"]
[EventDate "2023.08.18"]
[EventType "swiss"]
[EventRounds "9"]
[EventCountry "RUS"]
[SourceTitle "EXT 2024"]
[Source "ChessBase"]
[SourceDate "2023.10.10"]
[SourceVersion "1"]
[SourceVersionDate "2023.10.10"]
[SourceQuality "1"]

1. e4 c5 2. Nf3 Nc6 3. d4 cxd4 4. Nxd4 Nf6 5. Nc3 e5 6. Ndb5 d6 7. Bg5 a6 8. Na3 b5 9. Nd5 Be7 10. Bxf6 Bxf6 11. c3 Bg5 12. Nc2 Ne7 13. a4 bxa4 14. Rxa4 Bb7 15. Nce3 Nxd5 16. Nxd5 0-0 17. Bc4 a5 18. Qd3 Bc6 19. Ra2 Kh8 20. 0-0 g6 21. Rd1 f5 22. exf5 gxf5 23. b4 axb4 24. Nxb4 Be4 25. Qxd6 Qxd6 26. Rxd6 Rxa2 27. Bxa2 Rc8 28. f3 Bb7 29. Rd7 Ba8 30. Bd5 e4 31. fxe4 fxe4 32. Kf2 e3+ 33. Ke2 Rf8 34. Nd3 Bh6 35. c4 Re8 36. c5 Bxd5 37. Rxd5 Ra8 38. c6 Ra2+ 39. Kf3 Ra7 40. Rd7 Ra8 41. c7 Bg5 42. h4 Bxh4 43. Kxe3 Rc8 44. Nc5 Re8+ 45. Kd3 Kg8 46. Nb7 1-0

[Event "Chigorin Memorial 28th"]
[Site "St Petersburg"]
[Date "2021.10.26"]
[Round "4"]
[White "Kobets, Vasily"]
[Black "Ismailov, Magomed Dm"]
[Result "1-0"]
[WhiteElo "1274"]
[BlackElo "1585"]
[PlyCount "95"]
[EventDate "2021.10.23"]
[EventType "swiss"]
[EventRounds "9"]
[EventCountry "RUS"]
[SourceTitle "EXT 2023"]
[Source "ChessBase"]
[SourceDate "2022.10.05"]
[SourceVersion "1"]
[SourceVersionDate "2022.10.05"]
[SourceQuality "1"]

1. e4 c5 2. Nf3 e6 3. d4 cxd4 4. Nxd4 Nc6 5. Nxc6 bxc6 6. Be3 Nf6 7. Nc3 d5 8. exd5 cxd5 9. Bb5+ Bd7 10. 0-0 Bd6 11. h3 0-0 12. Bxd7 Qxd7 13. Re1 Rab8 14. Bd4 Be7 15. Qf3 Rfc8 16. Rad1 h6 17. Qg3 Qc6 18. Nxd5 exd5 19. Rxe7 Qxc2 20. Rde1 Qf5 21. R1e3 Nh5 22. Qg4 Qxg4 23. hxg4 Nf4 24. Rxa7 Ne6 25. Be5 Rb4 26. Rc3 Rd8 27. f4 d4 28. Rc2 d3 29. Rd2 Nc5 30. Ra3 f6 31. Bc7 Rd7 32. Ba5 Rbd4 33. Bb6 Ne4 34. Bxd4 Nxd2 35. Rxd3 Nc4 36. b3 Na3 37. Rd2 Nb1 38. Rb2 Rxd4 39. Rxb1 Rxf4 40. b4 Rd4 41. b5 Rd8 42. b6 Kf7 43. b7 Rb8 44. a4 Ke7 45. a5 Kd7 46. a6 Kc7 47. a7 Rxb7 48. Rc1+ 1-0

[Event "Chigorin Memorial 28th"]
[Site "St Petersburg"]
[Date "2021.10.23"]
[Round "1"]
[White "Ismailov, Magomed Dm"]
[Black "Kumargaliev, Marsel"]
[Result "0-1"]
[WhiteElo "1585"]
[BlackElo "2136"]
[PlyCount "72"]
[EventDate "2021.10.23"]
[EventType "swiss"]
[EventRounds "9"]
[EventCountry "RUS"]
[SourceTitle "EXT 2023"]
[Source "ChessBase"]
[SourceDate "2022.10.05"]
[SourceVersion "1"]
[SourceVersionDate "2022.10.05"]
[SourceQuality "1"]

1. e4 e5 2. Nf3 Nc6 3. Bb5 a6 4. Ba4 Nf6 5. 0-0 Be7 6. Re1 b5 7. Bb3 d6 8. c3 0-0 9. h3 Bb7 10. d4 Re8 11. Nbd2 Bf8 12. a4 exd4 13. cxd4 Na5 14. Bc2 c5 15. d5 g6 16. Nf1 Bg7 17. Ra2 b4 18. b3 c4 19. Ng3 cxb3 20. Bxb3 Rc8 21. Bd2 Nxb3 22. Qxb3 a5 23. Qd3 Nd7 24. Be3 Nc5 25. Bxc5 Rxc5 26. Ne2 Qb6 27. Nfd4 Ba6 28. Qb1 Bxe2 29. Nxe2 b3 30. Ra3 b2 31. Kf1 Qb4 32. Qd3 Qxe4 33. Qxe4 Rxe4 34. Rd1 Rc2 35. Ng3 Rd4 36. Rb1 Rc1+ 0-1